Normal view
MARC view
- Pobreza
Entry Materia
001 - NÚMERO DE CONTROL DEL REGISTRO
- campo de control: 1197
003 - IDENTIFICADOR DE NUMERO DE CONTROL
- campo de control: MX-MxUPN
005 - FECHA Y HORA DE LA ÚLTIMA TRANSACCIÓN
- campo de control: 20250210104539.0
008 - DATOS DE LONGITUD FIJA
- campo de control de longitud fija: 250210dn fnnnnaabn n ana |d
035 ## - NÚMERO DE CONTROL DEL SISTEMA
- Número de control del sistema: UPN10000001197
040 ## - FUENTE DE LA CATALOGACIÓN
- Centro catalogador de origen: MX-MxUPN
- Lengua de catalogación: spa
053 #4 - NÚMERO CLASIFICADOR - BIBLIOTECA DEL CONGRESO (LC)
- Elemento numérico de la clasificación - Número único o no. inicial del rango: HV4050.5
150 ## - ENCABEZAMIENTO - TEMÁTICO
- Término de materia o nombre geográfico como elemento inicial: Pobreza
- Subdivisión geográfica: América Latina
670 ## - FUENTE EN LA QUE SE LOCALIZARON DATOS
- Cita de la fuente: Autoridades LC, 10 febrero 2025 :
- Información localizada: (Poverty - Latin America)
- Identificador Uniforme del Recurso: https://lccn.loc.gov/sh2008109633
902 ## - CATALOGADOR
- Catalogador: CAA/120900
- Catalogador: VíctorGodínez/100225
